000
00345nas a2200157 a 4500
001
44391
003
113782
005
20201118101949.0
008
||||||n9999 ||| || ||
041
_a
eng
245
0
_a
Time - Vol.150 No.25
260
_a
Estados Unidos :
_b
Time,
_c
1997.
562
_e
0
773
_0
21966
_a
Time
942
_c
SISS
999
_c
44391
_d
44391